| 000 | 00447nam a2200181Ia 4500 | ||
|---|---|---|---|
| 003 | GCL | ||
| 008 | 140319s9999 xx 000 0 eng d | ||
| 040 |
_aGCL / _cGCL |
||
| 082 | 0 | 4 |
_a841 _bJ P |
| 100 | 1 | _aJUARROZ, ROBERTO | |
| 245 | 1 | 0 |
_aPOESIE VERTICALE / _cJUARROZ, ROBERTO |
| 260 |
_a[S.N] : _bPOESIE FAYARD ، _c1989 |
||
| 300 | _a158 P | ||
| 650 | 0 | 4 | _aPOETRY |
| 650 | 0 | 4 | _aFRENCH POETRY |
| 650 | 0 | 4 | _aFRENCH LITERATURE |
| 942 |
_2ddc _cBK |
||
| 999 |
_c12423 _d12423 |
||